| 000 | 00600nam a2200181 i 4500 | ||
|---|---|---|---|
| 001 | 94364 | ||
| 003 | ES-MaACL | ||
| 005 | 20230906181447.0 | ||
| 007 | t| | ||
| 008 | 050428s1972 cl ||||1| spa d | ||
| 100 | 1 |
_aLorenz, Günter W. _974126 |
|
| 245 | 1 | 0 |
_aDiálogo con latinoamérica _b: panorama de una literatura del futuro / _cGünter W. Lorenz; [versión... Dora Weidhas-de la Vega]. |
| 250 | _a[1ª ed.]. | ||
| 260 |
_aSantiago de Chile : _bPomaire, _c1972. |
||
| 300 |
_a424 p., 4 lám. ; _c23 cm. |
||
| 700 | 1 |
_aWeidhas-de la Vega, Dora. _9116320 |
|
| 852 |
_aES-MaACL _jC-44086 _bR.83916 |
||
| 999 |
_c94364 _d94364 |
||